| 000 | 00000nam##2200000za#4500 |
| 001 | 9.597894 |
| 003 | CaOODSP |
| 005 | 20210624204254 |
| 007 | cr ||||||||||| |
| 008 | 150406|2004||||xxc|||||o f|0| 0 fre|d |
| 040 | |aCaOODSP|bfre |
| 043 | |an-cn--- |
| 086 | 1 |aTU3-5/04-42F-PDF |
| 110 | 2 |aBureau de la sécurité des transports du Canada. |
| 245 | 10|aRisque de collision survenu à l'aéroport international de Vancouver (Colombie-Britannique) exploité par NAV CANADA, le 29 octobre 2004 |h[ressource électronique] |
| 260 | |aGatineau - Québec : |bBureau de la sécurité des transports du Canada |c[2006]. |
| 300 | |a13p.|bill., références |
| 490 | 1 |aRapport d'enquête aéronautique |vA04P0397 |
| 590 | |a10-05-Supp|b2010-07-20 |
| 691 | 07|aAccident d'avion|2gcpds |
| 775 | 08|tRisk of collision - NAV CANADA, Vancouver International Airport, British Columbia, 29 October 2004 |w(CaOODSP)9.566388 |
| 830 | #0|aRapport d'enquête aéronautique ;|vA04P0397|w(CaOODSP)9.501229 |
| 856 | 40|ahttp://publications.gc.ca|qPDF|s156 Ko|uhttps://publications.gc.ca/collections/collection_2009/bst-tsb/TU3-5-04-42F.pdf|yA04P0397 |